Ewige Tabelle Österreichische Bundesliga - Statistiken

Allgemein
  • Dieses Quiz wurde 81 mal gespielt
  • Das Durchschnittsergebnis liegt bei 23 aus 75
Antwortstatistiken
Punkte Team Spiele Aktuelle Liga Spielzeiten % Korrekt
5800 Rapid Wien 3097 1 Seit 1911
99%
5414 Austria Wien 3097 1 Seit 1911
93%
2992 Sturm Graz 2132 1 1942/43, 1949–54, 1955–58, 1964/65, seit 1966
89%
136 Favoritner AC 122 4 1935–38, 1983–85
81%
1009 Floridsdorfer AC 787 2 1911–23, 1925–38, 1940–54
81%
449 Wolfsberger AC 344 1 seit 2012
81%
2192 LASK 1622 1 1940/41, 1950–55, 1958–78, 1979–89, 1992/93, 1994–2001, 2007–11, seit 2017
79%
3056 RB Salzburg 1926 1 1953–57, 1959–61, 1962/63, 1965/66, 1967–77, 1978–85, seit 1989
74%
2122 Grazer AK 1546 2 1951–74, 1975–90, 1995–2007
73%
3618 Admira Wacker 2660 1 1919–43, 1945–60, 1961–98, 2000–06, 2011–22
71%
119 SV Franckviertel Linz 104 8 1960–64
71%
739 FC Wien 576 Aufgelöst 1928–38, 1939–56, 1957/58
70%
361 St. Pölten 370 2 1988–94, 2016–21
62%
965 SV Ried 784 1 1995–2003, 2005–17, seit 2020
62%
2405 Wacker Innsbruck 1520 4 1964–79, 1981–2002, 2004–08, 2010–14, 2018/19
62%
44 FC Wels 60 3 1982–84
58%
977 Blau Weiß Linz 738 2 1969–88, 1991–93, 1994/95, 1996/97
53%
217 WSG Tirol 184 1 1968–71, seit 2019
51%
2541 First Vienna 1672 2 1911–14, 1919–68, 1969–74, 1976–80, 1982/83, 1984/85, 1986–92
49%
410 Schwarz Weiß Bregenz 414 3 1954/55, 1966–69, 1970/71, 1972/73, 1999–2005
49%
432 Altach 380 1 2006–09, seit 2014
48%
711 Austria Klagenfurt 628 1 1962/63, 1965–70, 1972–76, 1982–89, 2001–04, seit 2021
48%
282 FC Juniors OÖ 180 2 2002–07
48%
57 FC Stadlau 78 4 1954–57
48%
613 SV Mattersburg 532 Aufgelöst 2003–13, 2015–20
48%
51 Dornbirn 82 2 1960/61, 1963/64, 1969/70
44%
410 SC Eisenstadt 380 7 1967–70, 1971–75, 1980/81, 1982–87
44%
157 TSV Hartberg 128 1 seit 2018
44%
74 Austria Lustenau 108 1 1997–2000, seit 2022
41%
127 SV Grödig 108 4 2013–16
41%
293 DSV Leoben 280 4 1958–60, 1968/69, 1971–74, 1984–86, 1990–92
34%
414 Kapfenberg 430 2 1951/52, 1954–59, 1961/62, 1963–67, 2008–12
33%
28 St. Veit 30 6 1982/83
33%
68 WSG Radenthein 88 5 1967/68, 1970/71, 1973/74
33%
441 Wiener Neustadt 422 4 1950/51, 1959–62, 1963–67, 2009–15
32%
952 1. Simmeringer SC 847 5 1911–28, 1937/38, 1951–64, 1965/66, 1970–72, 1973/74, 1982/83
30%
33 SC Neusiedl am See 60 3 1982–84
27%
307 Vorwärts Steyr 344 2 1949–51, 1988–96, 1998/99
26%
213 SV Schwechat 156 4 1960–66
22%
132 VfB Mödling 142 Aufgelöst 1952/53, 1987/88, 1992–95
22%
2680 Wiener SC 1871 3 1911–52, 1953–74, 1977–85, 1986–91, 1992–94
18%
174 Kremser SC 170 4 1956–60, 1989–92
12%
89 Austria Kärnten 108 Aufgelöst 2007–10
11%
395 Hakoah Wien 338 Aufgelöst 1920–28, 1929/30, 1931–37
11%
1661 Wacker Wien 1153 7 1914–61, 1962/63, 1964/65, 1966/67, 1968–71
10%
1131 Wiener AC 825 Aufgelöst 1911–21, 1922/23, 1924–36, 1942–48, 1953/54, 1956–65
10%
9 Bischofshofen 28 3 1971/72
7%
22 Salzburger AK 74 3 1952/53, 1961/62, 1985/86
7%
391 Wiener AF 253 4 1911–24
7%
51 Grazer SC 62 8 1938/39, 1940/41, 1952/53
5%
318 Hertha Wien 343 Aufgelöst 1911–24, 1925/26, 1927–30
5%
33 Spittal Drau 30 4 1984/85
5%
6 Amateure Steyr 18 6 1938/39
4%
17 Gloggnitz 24 5 1949/50
4%
26 Helfort Wien 22 5 1945/46
4%
23 Rätia Bludenz 32 7 1973/74
4%
18 Admira Wiener Neustadt 30 8 1972/73
3%
21 Ankerbrot Montelaa 26 6 1951/52
3%
22 Austria Puch 26 8 1955/56
3%
166 Brigittenauer AC 160 Aufgelöst 1921/22, 1923/24, 1926–29, 1931–33
3%
21 Donau Wien 22 4 1933/34
3%
10 Elektra Wien 24 4 1950/51
3%
6 ESV Haidbrunn Wacker Wiener Neustadt 18 8 1938/39
3%
20 Favoritner SC 22 Aufgelöst 1934/35
3%
23 Hochstädt Wien 38 Aufgelöst 1946/47, 1948/49
3%
111 Libertas Wien 110 Aufgelöst 1932–37
3%
28 Post SV Wien 58 4 1936/37, 1941/42, 1946/47
3%
26 Rapid Oberlaa 82 5 1945/46, 1947–50
3%
31 SC Austro Fiat Wien 32 Aufgelöst 1938–40
3%
38 SC Olympia 52 Aufgelöst 1957–59
3%
26 SC Ostbahn XI 42 5 1942/43, 1945/46
3%
184 Slovan Hütteldorf 200 4 1923–29, 1930–32, 1949/50
3%
356 SpC Rudolfshügel 299 Aufgelöst 1911–23, 1924–27
3%
22 USC Markersdorf 16 7 1943/44
3%
2 Vienna Cricket and Football Club 20 Aufgelöst 1911/12
3%
Keine übereinstimmenden Quizze gefunden
Verteilung der Resultate
Anzahl Personen mit jedem Resultat
Perzentil nach korrekt beantworteten Fragen
Ihre Resultats-Entwicklung
Sie haben dieses Quiz noch nicht gespielt